[Event "Rated Blitz game"]
[Site "?"]
[Date "2021.06.16"]
[Round "?"]
[White "lau_ocs"]
[Black "annaly1979"]
[Result "1-0"]
[WhiteElo "2492"]
[BlackElo "2475"]
[PlyCount "75"]
[EventDate "2021.??.??"]
[EventType "blitz"]

1. e4 e5 2. Nf3 d5 3. Nxe5 Qe7 4. d4 f6 5. Nd3 Nc6 6. c3 Bf5 7. Nf4 Bxe4 8. Qe2
O-O-O 9. f3 Bxb1 10. Qxe7 Ngxe7 11. Rxb1 Re8 12. Kf2 g5 13. Nh5 Ng8 14. Bd3 Bd6
15. h4 gxh4 16. Rxh4 Rf8 17. Bf4 Be7 18. Bf5+ Kb8 19. Rbh1 Bd8 20. Ng7 Nge7 21.
Rxh7 Nxf5 22. Nxf5 Rxh7 23. Rxh7 a6 24. g4 Rg8 25. Kg3 Re8 26. Ne3 Ne7 27. Rf7
Ng6 28. Nxd5 Nxf4 29. Kxf4 c6 30. Nxf6 Re6 31. g5 Re2 32. Nd7+ Kc8 33. g6 Rg2
34. g7 b5 35. Ne5 Bc7 36. Rf8+ Kb7 37. g8=Q Rxg8 38. Rxg8 {Normal} 1-0

[Event "Rated Blitz game"]
[Site "?"]
[Date "2021.06.16"]
[Round "?"]
[White "Petukhov_Dmitry"]
[Black "annaly1979"]
[Result "1/2-1/2"]
[WhiteElo "2566"]
[BlackElo "2437"]
[PlyCount "31"]
[EventDate "2021.??.??"]
[EventType "blitz"]

1. e4 e5 2. Nf3 d5 3. Nxe5 Qe7 4. d4 f6 5. Nd3 Nc6 6. Be2 Nxd4 7. exd5 Bg4 8.
Be3 Nxe2 9. h3 Ng3 10. Qxg4 Nxh1 11. Nc3 h5 12. Qg6+ Qf7 13. Qe4+ Qe7 14. Qg6+
Qf7 15. Qe4+ Qe7 16. Qg6+ {Normal} 1/2-1/2

[Event "Rated Blitz game"]
[Site "?"]
[Date "2021.06.16"]
[Round "?"]
[White "suskica"]
[Black "annaly1979"]
[Result "1-0"]
[WhiteElo "2448"]
[BlackElo "2435"]
[PlyCount "57"]
[EventDate "2021.??.??"]
[EventType "blitz"]

1. e4 e5 2. Nf3 d5 3. Nxe5 Qe7 4. d4 f6 5. Nd3 Nc6 6. Be3 dxe4 7. Nc5 f5 8. Bc4
Nf6 9. O-O Qd8 10. Ne6 Bxe6 11. Bxe6 g6 12. d5 Ne7 13. Bd4 Bg7 14. c4 b6 15.
Nc3 a6 16. f3 exf3 17. Qxf3 Kf8 18. Rad1 Ng4 19. Qxg4 Nc6 20. dxc6 Bxd4+ 21.
Qxd4 Qxd4+ 22. Rxd4 Rd8 23. Rxd8+ Ke7 24. Rxh8 Kd6 25. Rxh7 Kc5 26. Rxc7 Kd4
27. Rd7+ Ke3 28. c7 f4 29. Rf3# {Normal} 1-0

[Event "Rated Blitz game"]
[Site "?"]
[Date "2021.06.16"]
[Round "?"]
[White "Shaginyan_A"]
[Black "annaly1979"]
[Result "1-0"]
[WhiteElo "2530"]
[BlackElo "2463"]
[PlyCount "85"]
[EventDate "2021.??.??"]
[EventType "blitz"]

1. e4 e5 2. Nf3 d5 3. Nxe5 Qe7 4. d4 f6 5. Nd3 Nc6 6. c3 Bf5 7. Be2 Bxe4 8. O-O
Qf7 9. Nd2 Bf5 10. Nf3 Bd6 11. Re1 Nge7 12. Nf4 g5 13. Nd3 h5 14. Nc5 Bxc5 15.
dxc5 O-O-O 16. Nd4 Nxd4 17. cxd4 Nc6 18. Bb5 Bd7 19. Bxc6 Bxc6 20. b4 Bb5 21.
a4 Bc4 22. b5 Rhe8 23. Be3 f5 24. Bxg5 Rxe1+ 25. Qxe1 Re8 26. Qd1 f4 27. Qf3
Re4 28. h4 Be2 29. Qc3 f3 30. b6 a6 31. c6 cxb6 32. cxb7+ Kxb7 33. Rc1 Qd7 34.
a5 fxg2 35. axb6 Bc4 36. Qf3 Qe6 37. Be3 Rxh4 38. Rxc4 Kxb6 39. Rb4+ Ka5 40.
Rb2 Qh3 41. Bd2+ Ka4 42. Qd1+ Ka3 43. Qa1# {Normal} 1-0

[Event "Rated Blitz game"]
[Site "?"]
[Date "2021.06.16"]
[Round "?"]
[White "molinov"]
[Black "KinzyabulatovRenat"]
[Result "1/2-1/2"]
[WhiteElo "2505"]
[BlackElo "2475"]
[PlyCount "129"]
[EventDate "2021.??.??"]
[EventType "blitz"]

1. e4 e5 2. Nf3 d5 3. exd5 e4 4. Ne5 Qxd5 5. d4 exd3 6. Nxd3 Nc6 7. Nc3 Qa5 8.
Be2 Bf5 9. O-O O-O-O 10. Bd2 Nd4 11. Bg4 Nf6 12. Bxf5+ Qxf5 13. Be3 Nxc2 14.
Qxc2 Rxd3 15. Rad1 Rd5 16. Qb3 Rxd1 17. Rxd1 Ng4 18. Bxa7 b6 19. Bxb6 cxb6 20.
Qxb6 Bc5 21. Qc6+ Kb8 22. Qb5+ Ka8 23. Qa6+ Ba7 24. Qc6+ Kb8 25. Qd6+ Kb7 26.
Qd7+ Qxd7 27. Rxd7+ Ka6 28. Rxf7 Bxf2+ 29. Rxf2 Nxf2 30. Kxf2 Ka5 31. Nd5 Rd8
32. Ne3 Rd2+ 33. Kf3 Rxb2 34. Nf5 g6 35. Ne3 Rxa2 36. g3 Rxh2 37. Ng4 Rh5 38.
Ke4 Rf5 39. Ne5 Kb5 40. Nf3 Kc5 41. Nh4 Rf1 42. Ng2 Kd6 43. Ne3 Rf8 44. Nc4+
Ke6 45. Nd2 Kf6 46. Kf3 Kg5+ 47. Kg2 Kg4 48. Ne4 h5 49. Nf2+ Rxf2+ 50. Kxf2 Kh3
51. Kf3 g5 52. Kf2 g4 53. Kf1 Kxg3 54. Kg1 Kf3 55. Kh1 h4 56. Kg1 g3 57. Kh1 h3
58. Kg1 h2+ 59. Kh1 Kg4 60. Kg2 Kh4 61. Kh1 Kg4 62. Kg2 Kf4 63. Kh1 g2+ 64.
Kxg2 Ke3 65. Kh1 {Time forfeit} 1/2-1/2

[Event "Rated Blitz game"]
[Site "?"]
[Date "2021.06.16"]
[Round "?"]
[White "Ihsan_Kilic"]
[Black "KamranShirazi"]
[Result "0-1"]
[WhiteElo "2424"]
[BlackElo "2518"]
[PlyCount "78"]
[EventDate "2021.??.??"]
[EventType "blitz"]

1. e4 e5 2. Nf3 d5 3. Nxe5 Bd6 4. d4 dxe4 5. Nc4 Be7 6. Be2 f5 7. O-O Be6 8.
Nc3 Nf6 9. Bg5 Nc6 10. Bxf6 Bxf6 11. d5 Bxc3 12. dxc6 Bf6 13. cxb7 Rb8 14. Na5
Bd5 15. Bb5+ Kf7 16. Qh5+ g6 17. Qh6 Bxb7 18. Nxb7 Rxb7 19. Bc4+ Ke7 20. Rad1
Qf8 21. Qd2 Bxb2 22. Qd7+ Kf6 23. Qe6+ Kg5 24. f4+ Kh6 25. g4 fxg4 26. Qxg4
Qc5+ 27. Kh1 c6 28. Qh4+ Kg7 29. Bb3 Bf6 30. Qg4 Qf5 31. Qxf5 gxf5 32. Rg1+ Kh6
33. Rge1 Rd8 34. Rf1 Rxd1 35. Kg2 Rd2+ 36. Kh3 Rg7 37. Be6 Rgg2 38. Bxf5 Rxh2+
39. Kg4 Rdg2# {Normal} 0-1

[Event "Rated Blitz game"]
[Site "?"]
[Date "2021.06.16"]
[Round "?"]
[White "Jero_el_siniestro"]
[Black "annaly1979"]
[Result "1-0"]
[WhiteElo "2598"]
[BlackElo "2483"]
[PlyCount "25"]
[EventDate "2021.??.??"]
[EventType "blitz"]

1. e4 e5 2. Nf3 d5 3. Nxe5 Qe7 4. d4 f6 5. Qh5+ g6 6. Nxg6 Qxe4+ 7. Be2 Qxg6 8.
Qxd5 Ne7 9. Qa5 b6 10. Qc3 Qxg2 11. Bf3 Nd5 12. Qd3 Ba6 13. Qe4+ {Normal} 1-0

[Event "Rated Blitz tournament 6KZaY8JT"]
[Site "?"]
[Date "2021.06.16"]
[Round "?"]
[White "Arad_Nazari"]
[Black "Secret2700"]
[Result "1-0"]
[WhiteElo "2589"]
[BlackElo "2431"]
[PlyCount "53"]
[EventDate "2021.??.??"]
[EventType "blitz"]

1. e4 e5 2. Nf3 d5 3. exd5 e4 4. Qe2 Nf6 5. Nc3 Be7 6. Nxe4 O-O 7. d3 Nxd5 8.
g3 f5 9. Nc3 Bb4 10. Bd2 Re8 11. Ne5 Nc6 12. f4 Nd4 13. Qd1 Bc5 14. Bg2 c6 15.
Ne2 Nf6 16. c3 Nxe2 17. Qxe2 Be6 18. d4 Bd6 19. O-O Bd5 20. Bxd5+ Nxd5 21. Qd3
g6 22. Rae1 Bxe5 23. fxe5 Qd7 24. Qf3 Rad8 25. c4 Ne7 26. Bc3 c5 27. d5 {Normal
} 1-0

[Event "Rated Blitz game"]
[Site "?"]
[Date "2021.06.16"]
[Round "?"]
[White "Ecclesiastes_Gamer"]
[Black "annaly1979"]
[Result "0-1"]
[WhiteElo "2449"]
[BlackElo "2469"]
[PlyCount "74"]
[EventDate "2021.??.??"]
[EventType "blitz"]

1. e4 e5 2. Nf3 d5 3. Nxe5 Qe7 4. d4 f6 5. Nf3 dxe4 6. Nfd2 f5 7. c4 Nf6 8. Nc3
Nc6 9. d5 Ne5 10. Nb3 Bd7 11. Nd4 Ng6 12. Bg5 Qe5 13. Bxf6 Qxf6 14. Qd2 a6 15.
O-O-O Bc5 16. Nb3 Bb4 17. Kb1 O-O 18. h4 Rae8 19. h5 Ne5 20. Nd4 Ng4 21. a3
Bxc3 22. bxc3 e3 23. fxe3 Nxe3 24. Bd3 Nxd1 25. Qxd1 c5 26. Ne2 f4 27. Rf1 Bg4
28. Qd2 Bxe2 29. Bxe2 Qe5 30. Bd3 Qe3 31. Qc2 h6 32. Rf3 Qg1+ 33. Ka2 Re1 34.
g3 Re3 35. Rxf4 Rxf4 36. gxf4 Rf3 37. Bf5 Rf2 {Normal} 0-1

[Event "Rated Blitz game"]
[Site "?"]
[Date "2021.06.16"]
[Round "?"]
[White "Davigator"]
[Black "annaly1979"]
[Result "1-0"]
[WhiteElo "2449"]
[BlackElo "2442"]
[PlyCount "77"]
[EventDate "2021.??.??"]
[EventType "blitz"]

1. e4 e5 2. Nf3 d5 3. Nxe5 Qe7 4. Nd3 f6 5. Be2 dxe4 6. Nf4 Nc6 7. d3 f5 8.
dxe4 Nf6 9. Nc3 Nxe4 10. Nfd5 Qf7 11. O-O Nxc3 12. Nxc3 Be6 13. Bb5 Bd6 14. Re1
O-O 15. Be3 Rad8 16. Qe2 Rfe8 17. Qf1 f4 18. Bxc6 bxc6 19. Bxa7 Bc4 20. Rxe8+
Rxe8 21. Qd1 c5 22. b3 Ba6 23. Na4 Be2 24. Qd2 f3 25. Bxc5 Qg6 26. g3 Qh5 27.
Kh1 Bxc5 28. Nxc5 Qxc5 29. Kg1 h6 30. Re1 Kh8 31. a4 Qh5 32. Kh1 Qh3 33. Rg1
Re5 34. Qf4 Rh5 35. g4 Bf1 36. Qg3 Bg2+ 37. Rxg2 fxg2+ 38. Qxg2 Qg3 39. fxg3 {
Normal} 1-0

[Event "Rated Blitz tournament 6KZaY8JT"]
[Site "?"]
[Date "2021.06.16"]
[Round "?"]
[White "Camilo74"]
[Black "Secret2700"]
[Result "0-1"]
[WhiteElo "2276"]
[BlackElo "2436"]
[PlyCount "114"]
[EventDate "2021.??.??"]
[EventType "blitz"]

1. e4 e5 2. Nf3 d5 3. Nxe5 Bd6 4. d4 dxe4 5. Nc4 Nf6 6. Nxd6+ Qxd6 7. Be2 O-O
8. O-O Rd8 9. Be3 Nc6 10. c3 Nd5 11. Nd2 f5 12. Bc4 Be6 13. g3 Nxe3 14. fxe3 g6
15. Qb3 Bxc4 16. Nxc4 Qe6 17. Nd2 Qxb3 18. axb3 Ne7 19. c4 c5 20. d5 Nc8 21.
Nb1 Nd6 22. Nc3 a6 23. Ra5 b6 24. Ra2 b5 25. Rfa1 bxc4 26. bxc4 Nxc4 27. Rxa6
Rxa6 28. Rxa6 Nxe3 29. d6 Nc4 30. Nb5 Nxb2 31. Ra7 Nc4 32. d7 Ne5 33. Rc7 Rxd7
34. Rxc5 Nf3+ 35. Kf2 Rd2+ 36. Ke3 Rxh2 37. Kf4 Kg7 38. Nd6 Re2 39. Rc6 Nd4 40.
Rc7+ Kf6 41. Ne8+ Ke6 42. Ng7+ Kd5 43. Rd7+ Kc4 44. Rc7+ Kd3 45. Rd7 Rf2+ 46.
Kg5 Ke3 47. Ne8 Ne6+ 48. Kf6 Nc5 49. Rc7 Nd3 50. Nd6 Rf3 51. Rc3 Kd4 52. Rc6
Rxg3 53. Nb5+ Ke3 54. Rc3 f4 55. Nd6 f3 56. Nc4+ Kd4 57. Ra3 Kxc4 {Normal} 0-1

[Event "Rated Blitz game"]
[Site "?"]
[Date "2021.06.16"]
[Round "?"]
[White "Wernad"]
[Black "MassterOfMorra"]
[Result "0-1"]
[WhiteElo "2424"]
[BlackElo "2585"]
[PlyCount "84"]
[EventDate "2021.??.??"]
[EventType "blitz"]

1. e4 e5 2. Nf3 d5 3. Nxe5 Bd6 4. d4 dxe4 5. Nc4 Nf6 6. Nxd6+ Qxd6 7. Be2 Nc6
8. Be3 O-O 9. O-O Nd5 10. c4 Nf4 11. c5 Qf6 12. Nc3 Nxe2+ 13. Nxe2 Bg4 14. d5
Rad8 15. Re1 Ne5 16. Qd4 Nd3 17. Qxf6 gxf6 18. Nc3 Nxe1 19. Rxe1 f5 20. Bf4 Rd7
21. h3 Bh5 22. Kh2 f6 23. d6 c6 24. b4 Bf7 25. a4 h5 26. b5 Rc8 27. Be3 Bc4 28.
Kg3 Kf7 29. Kf4 Ke6 30. Rc1 Bd3 31. f3 Rg8 32. fxe4 fxe4 33. g3 Rg5 34. g4 hxg4
35. hxg4 Rdg7 36. Rg1 f5 37. Bd4 Rxg4+ 38. Rxg4 Rxg4+ 39. Ke3 f4+ 40. Kd2 Rg2+
41. Ke1 e3 42. bxc6 Rg1# {Normal} 0-1

[Event "Rated Blitz game"]
[Site "?"]
[Date "2021.06.16"]
[Round "?"]
[White "LarsenMagnus"]
[Black "NB4"]
[Result "1-0"]
[WhiteElo "2590"]
[BlackElo "2579"]
[PlyCount "133"]
[EventDate "2021.??.??"]
[EventType "blitz"]

1. e4 e5 2. Nf3 d5 3. Be2 dxe4 4. Nxe5 Nf6 5. Nc3 Bd6 6. d4 exd3 7. Nxd3 O-O 8.
Bg5 h6 9. Bh4 Nc6 10. Qd2 Re8 11. O-O-O Nd4 12. Rde1 Bf5 13. g4 Bg6 14. g5 hxg5
15. Bxg5 Nxe2+ 16. Rxe2 Rxe2 17. Qxe2 Qe8 18. Qf3 Be4 19. Nxe4 Qxe4 20. Qxe4
Nxe4 21. Be3 f5 22. h4 Kf7 23. h5 Rh8 24. h6 gxh6 25. Rxh6 Rxh6 26. Bxh6 Kg6
27. Be3 Kh5 28. Bxa7 b6 29. a4 Kg4 30. b4 Kf3 31. a5 Bxb4 32. axb6 cxb6 33.
Nxb4 Nxf2 34. Bxb6 Ne4 35. c4 Ke2 36. Kc2 f4 37. c5 f3 38. c6 f2 39. Bxf2 Kxf2
40. Kd3 Nd6 41. Kd4 Kf3 42. Kc5 Nc8 43. c7 Ke4 44. Kc6 Ke5 45. Kd7 Nb6+ 46. Kd8
Kd6 47. Nc2 Kc6 48. Nd4+ Kb7 49. Ne6 Kc6 50. Nd4+ Kb7 51. Nb5 Kc6 52. Na3 Kb7
53. Nc4 Nc8 54. Na5+ Kb6 55. Kxc8 Kxa5 56. Kb8 Kb4 57. c8=Q Kb3 58. Qc5 Ka4 59.
Qb6 Ka3 60. Qb5 Ka2 61. Qb4 Ka1 62. Kc7 Ka2 63. Kc6 Ka1 64. Kc5 Ka2 65. Kc4 Ka1
66. Kc3 Ka2 67. Qb2# {Normal} 1-0

[Event "Rated Blitz tournament 6KZaY8JT"]
[Site "?"]
[Date "2021.06.16"]
[Round "?"]
[White "dewamadeaditya"]
[Black "Secret2700"]
[Result "0-1"]
[WhiteElo "2286"]
[BlackElo "2419"]
[PlyCount "34"]
[EventDate "2021.??.??"]
[EventType "blitz"]

1. e4 e5 2. Nf3 d5 3. Bc4 dxc4 4. Nxe5 Nc6 5. Nxc4 Be6 6. Ne3 Nf6 7. d3 h5 8.
O-O Bd6 9. f4 Ng4 10. f5 Bc5 11. Qe2 Nd4 12. Qd2 Nxe3 13. Qxe3 Nb3 14. axb3
Bxe3+ 15. Bxe3 Bd7 16. Nc3 c6 17. Nd5 cxd5 {Normal} 0-1

[Event "Rated Blitz game"]
[Site "?"]
[Date "2021.06.16"]
[Round "?"]
[White "BigStuph"]
[Black "GoughPhar"]
[Result "0-1"]
[WhiteElo "2356"]
[BlackElo "2416"]
[PlyCount "48"]
[EventDate "2021.??.??"]
[EventType "blitz"]

1. e4 e5 2. Nf3 d5 3. exd5 e4 4. Ne5 Nf6 5. d4 Bd6 6. c4 O-O 7. Nc3 Re8 8. Bg5
Bxe5 9. dxe5 Rxe5 10. Qd2 Bf5 11. Be2 Nbd7 12. Bf4 Re8 13. Nb5 Nc5 14. O-O Rc8
15. d6 c6 16. Nc7 Rf8 17. b4 Nd3 18. Bxd3 exd3 19. c5 Nd5 20. Nxd5 cxd5 21. Bg3
Re8 22. Rfe1 Qf6 23. Qf4 Re4 24. Rxe4 Qxa1+ {Normal} 0-1

[Event "Rated Blitz tournament nDXXb9Fq"]
[Site "?"]
[Date "2021.06.16"]
[Round "?"]
[White "Satscho"]
[Black "blackwolfrun"]
[Result "1-0"]
[WhiteElo "2429"]
[BlackElo "2299"]
[PlyCount "55"]
[EventDate "2021.??.??"]
[EventType "blitz"]

1. e4 e5 2. Nf3 d5 3. exd5 e4 4. Qe2 Nf6 5. Nc3 Be7 6. Nxe4 Nxd5 7. g3 O-O 8.
Bg2 f5 9. Nc3 Re8 10. O-O Nb6 11. Re1 Nc6 12. d3 Bd7 13. Be3 Bb4 14. a3 Bxc3
15. bxc3 Kh8 16. Ng5 Be6 17. Qh5 Bg8 18. Bxc6 bxc6 19. Bd4 Rxe1+ 20. Rxe1 Qf8
21. Qh6 c5 22. Be5 Nd7 23. Qc6 Nxe5 24. Rxe5 h6 25. Nh3 c4 26. Nf4 Qf6 27. Qxa8
Qxe5 28. Ng6+ {Normal} 1-0

[Event "Rated Blitz game"]
[Site "?"]
[Date "2021.06.16"]
[Round "?"]
[White "toog"]
[Black "annaly1979"]
[Result "1-0"]
[WhiteElo "2540"]
[BlackElo "2438"]
[PlyCount "103"]
[EventDate "2021.??.??"]
[EventType "blitz"]

1. e4 e5 2. Nf3 d5 3. exd5 e4 4. Qe2 f5 5. d3 Nf6 6. Bg5 Be7 7. Nfd2 O-O 8. Nc3
exd3 9. Qxd3 Nbd7 10. O-O-O Ne5 11. Qg3 Ng6 12. Bc4 Bd6 13. Qe3 Re8 14. Qd4 a6
15. Nf3 b5 16. Bb3 Bd7 17. Rhe1 Rxe1 18. Rxe1 Qf8 19. Bxf6 Qxf6 20. Qxf6 gxf6
21. Nd4 Kf7 22. g3 Be5 23. Nce2 Bd6 24. f4 a5 25. c3 a4 26. Bc2 Ne7 27. a3 Nxd5
28. Nxf5 Bxf5 29. Bxf5 Re8 30. Kd2 h5 31. Nd4 Rxe1 32. Kxe1 Ne3 33. Bd3 Ng4 34.
Bxb5 Nxh2 35. Bxa4 Ng4 36. Bb3+ Ke7 37. Nf5+ Kd7 38. Ng7 Ne3 39. Nxh5 Kc6 40.
Nxf6 Nf5 41. Ne4 Kb5 42. Be6 Ng7 43. Nxd6+ cxd6 44. Bd5 Kc5 45. Be4 d5 46. Bd3
Ne6 47. Kd2 d4 48. b4+ Kd5 49. Bf5 dxc3+ 50. Kxc3 Nd4 51. Bd3 Nc6 52. a4 {
Normal} 1-0

[Event "Rated Blitz game"]
[Site "?"]
[Date "2021.06.16"]
[Round "?"]
[White "limosity"]
[Black "KinzyabulatovRenat"]
[Result "0-1"]
[WhiteElo "2481"]
[BlackElo "2479"]
[PlyCount "72"]
[EventDate "2021.??.??"]
[EventType "blitz"]

1. e4 e5 2. Nf3 d5 3. d4 dxe4 4. Nxe5 Bd6 5. Qh5 Qe7 6. Bg5 Nf6 7. Bxf6 Qxf6 8.
Bc4 Be6 9. Bxe6 Qxe6 10. Nc3 Bxe5 11. Qxe5 Qxe5 12. dxe5 Nc6 13. O-O-O Nxe5 14.
Nxe4 O-O 15. Rhe1 Rad8 16. Nc5 Rxd1+ 17. Kxd1 Nc4 18. b3 Nd6 19. Re7 Rc8 20.
Nd7 Nf5 21. Re5 Rd8 22. Rxf5 Rxd7+ 23. Ke2 g6 24. Re5 Kf8 25. c4 Re7 26. Rxe7
Kxe7 27. Ke3 Ke6 28. Kf4 h6 29. h4 c5 30. g4 f6 31. Ke4 f5+ 32. Kf4 fxg4 33.
Kxg4 Ke5 34. f4+ Ke4 35. a3 a5 36. Kg3 h5 {Normal} 0-1

[Event "Rated Blitz game"]
[Site "?"]
[Date "2021.06.16"]
[Round "?"]
[White "bingo95"]
[Black "Fantastic_power06"]
[Result "0-1"]
[WhiteElo "2557"]
[BlackElo "2669"]
[PlyCount "66"]
[EventDate "2021.??.??"]
[EventType "blitz"]

1. e4 e5 2. Nf3 d5 3. exd5 e4 4. Qe2 Nf6 5. d3 Qxd5 6. Nfd2 Nc6 7. dxe4 Qa5 8.
c3 Be6 9. g3 O-O-O 10. Bg2 h5 11. h3 h4 12. g4 Ne5 13. O-O Nfxg4 14. hxg4 Bxg4
15. f3 h3 16. Bh1 h2+ 17. Kf2 Nd3+ 18. Kg3 Qh5 19. Qxd3 Rxd3 20. Kf2 Bc5+ 21.
Ke2 Re3+ 22. Kd1 Bh3 23. Rf2 Re1+ 24. Kxe1 Qh4 25. Ke2 Qxf2+ 26. Kd3 Qg1 27.
Nb3 Qxh1 28. Nxc5 Qxc1 29. Nb3 Qf1+ 30. Ke3 h1=Q 31. N1d2 Qhg1+ 32. Kf4 Re8 33.
Nxf1 g5# {Normal} 0-1

[Event "Rated Blitz game"]
[Site "?"]
[Date "2021.06.16"]
[Round "?"]
[White "bingo95"]
[Black "Fantastic_power06"]
[Result "0-1"]
[WhiteElo "2553"]
[BlackElo "2672"]
[PlyCount "60"]
[EventDate "2021.??.??"]
[EventType "blitz"]

1. e4 e5 2. Nf3 d5 3. exd5 e4 4. Qe2 Nf6 5. d3 Qxd5 6. Nfd2 Nc6 7. c3 Be6 8.
dxe4 Qa5 9. Nf3 O-O-O 10. Nbd2 Qh5 11. Nc4 Bc5 12. h3 Bxc4 13. Qxc4 Nxe4 14.
Be3 Rhe8 15. Be2 Bxe3 16. fxe3 Ng3 17. Kf2 Nxh1+ 18. Rxh1 Qg6 19. Nd4 Nxd4 20.
cxd4 Qe4 21. Qc3 Qh4+ 22. g3 Qf6+ 23. Bf3 Kb8 24. Rc1 c6 25. Qb3 Re6 26. Rc4
Rde8 27. Rb4 R8e7 28. h4 Rxe3 29. Qxe3 Rxe3 30. Kxe3 Qe7+ {Normal} 0-1

[Event "Rated Blitz tournament 6KZaY8JT"]
[Site "?"]
[Date "2021.06.16"]
[Round "?"]
[White "GMJOEY93"]
[Black "Secret2700"]
[Result "1-0"]
[WhiteElo "2540"]
[BlackElo "2439"]
[PlyCount "79"]
[EventDate "2021.??.??"]
[EventType "blitz"]

1. e4 e5 2. Nf3 d5 3. d4 dxe4 4. Nxe5 Bd6 5. Nc4 Nf6 6. Nc3 O-O 7. Bg5 Nc6 8.
Be2 Re8 9. Qd2 h6 10. Bh4 Bf5 11. O-O-O Bh7 12. Nd5 Be7 13. Nxe7+ Qxe7 14. d5
Ne5 15. Qc3 Rad8 16. Rhe1 Nxc4 17. Bxc4 Qe5 18. Qxe5 Rxe5 19. Bxf6 gxf6 20. Bb3
f5 21. f4 Ree8 22. Re3 Kg7 23. c4 Kf6 24. Kc2 Ke7 25. Kc3 f6 26. Rh3 Bg6 27.
Rxh6 Bf7 28. c5 b6 29. Rh7 Rf8 30. d6+ cxd6 31. cxd6+ Ke8 32. Ba4+ Rd7 33. Kd4
Kd8 34. Bxd7 Kxd7 35. g4 fxg4 36. Kxe4 Ke6 37. f5+ Kd7 38. Kf4 Kd8 39. b3 Be8
40. Rxa7 {Normal} 1-0

[Event "Rated Blitz game"]
[Site "?"]
[Date "2021.06.16"]
[Round "?"]
[White "Ecclesiastes_Gamer"]
[Black "annaly1979"]
[Result "0-1"]
[WhiteElo "2454"]
[BlackElo "2452"]
[PlyCount "72"]
[EventDate "2021.??.??"]
[EventType "blitz"]

1. e4 e5 2. Nf3 d5 3. Nxe5 Qe7 4. d4 f6 5. Nf3 dxe4 6. Nfd2 f5 7. Be2 Nf6 8.
O-O Nc6 9. c3 Qf7 10. f3 e3 11. Nc4 f4 12. Ne5 Qe7 13. Nxc6 bxc6 14. Na3 Be6
15. Qa4 Qd7 16. Nc4 Bd6 17. Na5 O-O 18. Qxc6 Qf7 19. Bc4 Kh8 20. Bxe6 Qxe6 21.
Nc4 Nd5 22. Ne5 Rae8 23. Nd3 Ne7 24. Qe4 Qh6 25. Ne5 Bxe5 26. Qxe5 Ng6 27. Qxc7
Qg5 28. Re1 Nh4 29. Re2 Nxf3+ 30. Kh1 Nh4 31. Bxe3 Rxe3 32. Rae1 f3 33. Qd6
fxg2+ 34. Kg1 Nf3+ 35. Kf2 Rxe2+ 36. Kxe2 Qd2# {Normal} 0-1

[Event "Rated Blitz game"]
[Site "?"]
[Date "2021.06.16"]
[Round "?"]
[White "AyUsHaDoLsOnOv"]
[Black "annaly1979"]
[Result "0-1"]
[WhiteElo "2610"]
[BlackElo "2426"]
[PlyCount "70"]
[EventDate "2021.??.??"]
[EventType "blitz"]

1. e4 e5 2. Nf3 d5 3. exd5 e4 4. Nd4 c5 5. Nb3 f5 6. d3 Nf6 7. dxe4 fxe4 8. c4
Bd6 9. Nc3 O-O 10. Bg5 Bf5 11. Be3 Nbd7 12. h3 a6 13. Be2 Qe8 14. g4 Bg6 15. g5
Nh5 16. Qd2 Nf4 17. O-O-O Rb8 18. h4 Nd3+ 19. Bxd3 exd3 20. Na5 Ne5 21. f4 Ng4
22. h5 Bf5 23. Rde1 Nxe3 24. Rxe3 Qd8 25. Nd1 Bxf4 26. g6 Qg5 27. Kb1 Rbe8 28.
gxh7+ Kxh7 29. Rhe1 Bxe3 30. Nxe3 Re4 31. Nxb7 Rfe8 32. Nxc5 Rxe3 33. Rd1 Qh6
34. b3 Re1 35. Kb2 R8e2 {Normal} 0-1

[Event "Rated Blitz game"]
[Site "?"]
[Date "2021.06.16"]
[Round "?"]
[White "pierrotbasilou"]
[Black "Taabling"]
[Result "1/2-1/2"]
[WhiteElo "2478"]
[BlackElo "2507"]
[PlyCount "162"]
[EventDate "2021.??.??"]
[EventType "blitz"]

1. e4 e5 2. Nf3 d5 3. Nxe5 Bd6 4. d4 dxe4 5. Bc4 Bxe5 6. dxe5 Qxd1+ 7. Kxd1 Nc6
8. Bf4 Nge7 9. Bb5 Bg4+ 10. Kc1 O-O-O 11. Nc3 Ng6 12. Bxc6 Nxf4 13. Bxe4 Rhe8
14. Re1 Ng6 15. f3 Bd7 16. Bxg6 hxg6 17. b3 f6 18. f4 Bc6 19. g3 g5 20. Re2
gxf4 21. gxf4 Rd4 22. exf6 Rxe2 23. Nxe2 Rd7 24. fxg7 Rxg7 25. Ng3 Rh7 26. Kb2
Rxh2 27. Rf1 Rg2 28. Nh5 Be4 29. f5 Rxc2+ 30. Ka3 Rh2 31. Ng3 Bd5 32. f6 Rh7
33. Kb4 b6 34. Nf5 a5+ 35. Kc3 Kd7 36. Ne3 Be6 37. a3 Ke8 38. b4 Rh3 39. Kd4
axb4 40. axb4 Kf7 41. Rd1 Kxf6 42. Rc1 Rh4+ 43. Kd3 Rh7 44. Kd4 Rd7+ 45. Ke4
Ke7 46. Rc3 Kd8 47. Nc4 Re7 48. Ne5 Kc8 49. Kd4 Re8 50. Nc6 Kb7 51. Ne5 Rd8+
52. Ke4 Bd5+ 53. Kd4 Rd6 54. Ke3 Be6 55. Ke4 Rd1 56. Kf4 Rd4+ 57. Ke3 Rxb4 58.
Nd3 Rb5 59. Nf4 Rb3 60. Kd4 Rxc3 61. Kxc3 Bf7 62. Kb4 c5+ 63. Kc3 Kc6 64. Nd3
b5 65. Ne5+ Kd5 66. Nxf7 Ke6 67. Ng5+ Ke5 68. Nf3+ Ke4 69. Nd2+ Kd5 70. Nb3 b4+
71. Kb2 c4 72. Nc1 Kd4 73. Na2 Kc5 74. Nxb4 Kxb4 75. Kc2 c3 76. Kc1 Kb3 77. Kb1
Kb4 78. Kc2 Kc4 79. Kc1 Kd3 80. Kd1 c2+ 81. Kc1 Kc3 {Normal} 1/2-1/2

[Event "Rated Blitz game"]
[Site "?"]
[Date "2021.06.16"]
[Round "?"]
[White "simplesimpson03"]
[Black "magos33"]
[Result "1-0"]
[WhiteElo "2417"]
[BlackElo "2347"]
[PlyCount "35"]
[EventDate "2021.??.??"]
[EventType "blitz"]

1. e4 e5 2. Nf3 d5 3. exd5 e4 4. Qe2 Nf6 5. d3 Be7 6. dxe4 O-O 7. Nc3 Re8 8.
Be3 Bb4 9. Qc4 Bxc3+ 10. Qxc3 Nxe4 11. Qb3 c6 12. O-O-O cxd5 13. Rxd5 Qc7 14.
Bd3 Nf6 15. Rg5 Be6 16. Qa4 h6 17. Rg3 Nh5 18. Qxe8# {Normal} 1-0

[Event "Rated Blitz game"]
[Site "?"]
[Date "2021.06.16"]
[Round "?"]
[White "AjedrezHerMar"]
[Black "annaly1979"]
[Result "0-1"]
[WhiteElo "2505"]
[BlackElo "2479"]
[PlyCount "142"]
[EventDate "2021.??.??"]
[EventType "blitz"]

1. e4 e5 2. Nf3 d5 3. exd5 e4 4. Qe2 f5 5. d3 Nf6 6. Nc3 Bb4 7. dxe4 Bxc3+ 8.
bxc3 fxe4 9. Qb5+ c6 10. dxc6 bxc6 11. Qe5+ Qe7 12. Qxe7+ Kxe7 13. Ne5 Ke6 14.
f4 Ba6 15. Bxa6 Nxa6 16. Nxc6 Rac8 17. Nd4+ Kf7 18. Bb2 Nd5 19. O-O Nxc3 20.
Rfe1 Rhd8 21. Bxc3 Rxc3 22. Rxe4 Nc5 23. Ne6 Nxe4 24. Nxd8+ Ke8 25. Ne6 Rxc2
26. Nxg7+ Kf7 27. Nf5 a5 28. Nd4 Rd2 29. Nf3 Rb2 30. Ne5+ Ke6 31. Nc4 Rc2 32.
Nxa5 Kf5 33. Nb3 Kxf4 34. a4 Rb2 35. Nd4 Ke5 36. Nf3+ Kd6 37. a5 Kc7 38. a6 Kb8
39. a7+ Ka8 40. Ne5 Rc2 41. Nd7 Rb2 42. h4 h5 43. Re1 Nd6 44. Rd1 Nc8 45. Rd5
Rb7 46. Nc5 Rb5 47. Rxh5 Kxa7 48. Rh7+ Ka8 49. Nd7 Nd6 50. Nf6 Nf5 51. g4 Ne3
52. g5 Rb1+ 53. Kf2 Nf5 54. g6 Rh1 55. g7 Nxg7 56. Rxg7 Rxh4 57. Ke3 Rh3+ 58.
Kd4 Rh6 59. Ne4 Rb6 60. Kc5 Re6 61. Rg6 Rxe4 62. Rg7 Re6 63. Kb5 Rh6 64. Rg8+
Ka7 65. Rd8 Kb7 66. Rd6 Rxd6 67. Kc5 Kc7 68. Kb5 Rd1 69. Kc5 Kb7 70. Kc4 Kb6
71. Kb3 Kb5 {Time forfeit} 0-1

[Event "Rated Blitz game"]
[Site "?"]
[Date "2021.06.16"]
[Round "?"]
[White "DrBergerBerger"]
[Black "Taabling"]
[Result "0-1"]
[WhiteElo "2621"]
[BlackElo "2509"]
[PlyCount "82"]
[EventDate "2021.??.??"]
[EventType "blitz"]

1. e4 e5 2. Nf3 d5 3. exd5 Bd6 4. Nc3 Nf6 5. d4 e4 6. Ne5 O-O 7. f4 exf3 8.
Qxf3 Re8 9. Bf4 Nbd7 10. O-O-O Nxe5 11. dxe5 Bxe5 12. Bb5 Bg4 13. Qg3 Bxf4+ 14.
Qxf4 Bxd1 15. Bxe8 Qxe8 16. Rxd1 Qe7 17. d6 cxd6 18. Qxd6 Qxd6 19. Rxd6 Kf8 20.
a4 Ke7 21. Rd4 Rd8 22. Rxd8 Kxd8 23. Kd2 Kd7 24. Kd3 a6 25. Kd4 Ne8 26. Ne4 Nc7
27. Ng5 f6 28. Nxh7 Ne6+ 29. Ke3 Ke7 30. b4 Kf7 31. Ke4 Kg6 32. Kd5 Nf4+ 33.
Kd6 Kxh7 34. g3 Ne2 35. a5 Nc3 36. Kc7 f5 37. Kxb7 g5 38. Kxa6 f4 39. gxf4 gxf4
40. b5 f3 41. b6 f2 {Normal} 0-1